000 00512nam a2200169Ia 4500
005 20250508154659.0
008 008 250505s9999 xx 000 0 eng d
037 _aTextual
040 _aFEDL
_beng
_cFEDL
041 _aeng
_2eng
084 _a519.7, TRA
_qFEDL
245 0 _aTransactions of the second prague conference : On information theory, statistical decision functins, random processes
260 _c1959
300 _a842p.
942 _cTEXL
_h519.7, TRA
999 _c1351570
_d1351570